| 000 | 00514nam a2200181Ia 4500 | ||
|---|---|---|---|
| 003 | GCL | ||
| 008 | 140319s9999 xx 000 0 ara d | ||
| 040 |
_aGCL / _cGCL |
||
| 082 | 0 | 4 |
_a218.1 _bم ج |
| 100 | 1 | _aمحمد عمارة | |
| 245 | 1 | 0 |
_aجمال الدين الافغانى المفترى علية / _cمحمد عمارة |
| 300 | _a220 ص | ||
| 490 | _a | ||
| 650 | 0 | 4 | _aالتراجم |
| 650 | 0 | 4 | _aجمال الدين الافغانى |
| 650 | 0 | 4 | _aالعلماء المسلمون |
| 942 |
_2ddc _cBK |
||
| 999 |
_c39514 _d39514 |
||